000 01190nam a22002297a 4500
999 _c62820
_d62820
003 Ge_BSU
005 20250304162140.0
008 250304s1960 ge ||||| |||| 00| 0 geo d
041 _ageo
080 _a616.936 ა-20
100 _aაბულაძე, ს.
_924444
245 _aმალარიოლოგიის ზოგიერთი საკითხი ქართული კარაბადინების მიხედვით :
_b(XI-XVI ს) /
_c ს. აბულაძე, ტ. ბაქრაძე ; [გ. მარუაშვილის წინასიტყვაობით].
264 _aთბ. :
_bსაბჭ. საქართველო,
_c1960.
300 _a65 გვ. ;
_b20 სმ.
504 _a ბიბლიოგრ. გვ. 63-64.
653 _aმალარია
653 _aმედიცინა
653 _aქართული მედიცინის ისტორია
700 _aბაქრაძე, ტ.
_eავტორი
_924445
700 _aმარუაშვილი, გ.
_eწინასიტყვაობის ავტორი
_924446
942 _2udc
_cᲬᲘᲒᲜᲘ